[Event "12th Chennai Open 2020"]
[Site "Chennai"]
[Date "2020.01.19"]
[Round "2.9"]
[White "Sri Sai Baswanth P"]
[Black "David, Alberto"]
[Result "1/2-1/2"]
[WhiteElo "2008"]
[BlackElo "2562"]
[Annotator "ChessBase"]
[PlyCount "164"]
[EventDate "2020.01.19"]
[EventType "swiss"]
[EventCountry "IND"]
[SourceTitle "playchess.com"]
[Source "ChessBase"]
[SourceQuality "1"]
[TimeControl "5400+30"]

1. c4 {[%emt 0:06:04]} e5 {[%emt 0:00:33]} 2. g3 {[%emt 0:00:06]} c6 {[%emt 0:01:42]} 3. Nf3 {[%emt 0:00:08]} d6 {[%emt 0:01:13]} 4. Nc3 {[%emt 0:00:08]} Nd7 {[%emt 0:00:32]} 5. Bg2 {[%emt 0:01:31]} Ngf6 {[%emt 0:00:37]} 6. e4 {[%emt 0:01:33]} a6 {[%emt 0:00:26]} 7. O-O {[%emt 0:01:14]} b5 {[%emt 0:01:33]} 8. d4 {[%emt 0:01:01]} Bb7 {[%emt 0:02:08]} 9. Qe2 {[%emt 0:04:16]} Be7 {[%emt 0:03:37]} 10. Rd1 {[%emt 0:01:01]} Qb8 {[%emt 0:03:07]} 11. c5 {[%emt 0:05:50]} O-O {[%emt 0:05:44]} 12. cxd6 {[%emt 0:12:36]} Bxd6 {[%emt 0:00:05]} 13. dxe5 {[%emt 0:00:49]} Nxe5 {[%emt 0:00:11]} 14. Nxe5 {[%emt 0:13:50]} Bxe5 {[%emt 0:00:05]} 15. f4 {[%emt 0:00:05]} Bxc3 {[%emt 0:01:29]} 16. bxc3 {[%emt 0:00:06]} Re8 {[%emt 0:00:02]} 17. Qd3 {[%emt 0:01:18]} Ng4 {[%emt 0:06:23]} 18. Ba3 {[%emt 0:00:50]} c5 {[%emt 0:04:20]} 19. h3 {[%emt 0:05:00]} c4 {[%emt 0:01:58]} 20. Qd4 {[%emt 0:00:04]} Nh6 {[%emt 0:01:33]} 21. Bd6 {[%emt 0:07:42]} Qc8 {[%emt 0:00:14]} 22. g4 {[%emt 0:01:46]} f6 {[%emt 0:06:33]} 23. e5 {[%emt 0:02:57]} Bxg2 {[%emt 0:01:47]} 24. Kxg2 {[%emt 0:00:34]} Nf7 {[%emt 0:01:15]} 25. Qd5 {[%emt 0:00:08]} fxe5 {[%emt 0:05:29]} 26. fxe5 {[%emt 0:00:17]} Qe6 {[%emt 0:03:54]} 27. a4 {[%emt 0:00:07]} Rad8 {[%emt 0:02:01]} 28. axb5 {[%emt 0:01:23]} axb5 {[%emt 0:00:44]} 29. Ra6 {[%emt 0:02:09]} h5 {[%emt 0:07:59]} 30. Qxe6 {[%emt 0:02:33]} Rxe6 {[%emt 0:00:28]} 31. Rd5 {[%emt 0:03:19]} hxg4 {[%emt 0:00:46]} 32. hxg4 {[%emt 0:00:04]} Nxe5 {[%emt 0:00:31]} 33. Rxe5 {[%emt 0:06:15]} Rexd6 {[%emt 0:00:07]} 34. Rxd6 {[%emt 0:03:51]} Rxd6 {[%emt 0:00:05]} 35. Rxb5 {[%emt 0:00:04]} Rd3 {[%emt 0:00:20]} 36. Rc5 {[%emt 0:01:26]} Rxc3 {[%emt 0:00:06]} 37. Rc7 {[%emt 0:00:21]} Kh7 {[%emt 0:05:33]} 38. Rc6 {[%emt 0:00:05]} g5 {[%emt 0:00:28]} 39. Rc5 {[%emt 0:01:57]} Kg6 {[%emt 0:00:47]} 40. Kf2 {[%emt 0:00:24]} Rc1 {[%emt 0:04:06]} 41. Ke3 {[%emt 0:00:30]} c3 {[%emt 0:02:00]} 42. Rc6+ {[%emt 0:01:03]} Kf7 {[%emt 0:00:11]} 43. Kd3 {[%emt 0:01:30]} Rg1 {[%emt 0:04:10]} 44. Rxc3 {[%emt 0:01:03]} Rxg4 {[%emt 0:01:01]} 45. Rc6 {[%emt 0:00:04]} Rf4 {[%emt 0:00:49]} 46. Ke3 {[%emt 0:00:06]} Rf1 {[%emt 0:00:53]} 47. Ke2 {[%emt 0:00:16]} Rf5 {[%emt 0:00:07]} 48. Ke3 {[%emt 0:00:07]} Kg7 {[%emt 0:02:00]} 49. Ra6 {[%emt 0:00:23]} Kh7 {[%emt 0:01:27]} 50. Rb6 {[%emt 0:00:10]} Rf7 {[%emt 0:00:24]} 51. Ra6 {[%emt 0:00:08]} Rf5 {[%emt 0:01:37]} 52. Rb6 {[%emt 0:00:09]} Kg8 {[%emt 0:00:35]} 53. Rb7 {[%emt 0:00:38]} Kf8 {[%emt 0:00:23]} 54. Ke4 {[%emt 0:00:23]} Rf4+ {[%emt 0:00:33]} 55. Ke3 {[%emt 0:00:05]} Rf1 {[%emt 0:02:53]} 56. Ke2 {[%emt 0:00:56]} Rf7 {[%emt 0:00:37]} 57. Rxf7+ {[%emt 0:00:51]} Kxf7 {[%emt 0:00:05]} 58. Kf3 {[%emt 0:00:03]} Ke6 {[%emt 0:00:06]} 59. Kg4 {[%emt 0:00:08]} Kf6 {[%emt 0:00:04]} 60. Kg3 {[%emt 0:00:03]} Kg7 {[%emt 0:00:05]} 61. Kg4 {[%emt 0:00:09]} Kh6 {[%emt 0:00:22]} 62. Kg3 {[%emt 0:00:03]} Kh5 {[%emt 0:00:05]} 63. Kh3 {[%emt 0:00:03]} Kg6 {[%emt 0:00:05]} 64. Kg4 {[%emt 0:00:03]} Kf6 {[%emt 0:08:21]} 65. Kg3 {[%emt 0:00:04]} Kf5 {[%emt 0:00:03]} 66. Kf3 {[%emt 0:00:03]} g4+ {[%emt 0:00:07]} 67. Kg3 {[%emt 0:00:03]} Kg5 {[%emt 0:00:04]} 68. Kg2 {[%emt 0:00:04]} Kg6 {[%emt 0:00:03]} 69. Kg3 {[%emt 0:00:04]} Kf5 {[%emt 0:00:04]} 70. Kg2 {[%emt 0:00:07]} Kf4 {[%emt 0:04:52]} 71. Kf2 {[%emt 0:00:04]} g3+ {[%emt 0:03:30]} 72. Kg2 {[%emt 0:00:03]} Kg4 {[%emt 0:00:04]} 73. Kg1 {[%emt 0:00:04]} Kh3 {[%emt 0:00:04]} 74. Kh1 {[%emt 0:00:05]} Kh4 {[%emt 0:00:04]} 75. Kg2 {[%emt 0:00:03]} Kg4 {[%emt 0:00:03]} 76. Kg1 {[%emt 0:00:03]} Kg5 {[%emt 0:00:20]} 77. Kg2 {[%emt 0:00:06]} Kf4 {[%emt 0:02:58]} 78. Kg1 {[%emt 0:00:05]} Ke5 {[%emt 0:00:03]} 79. Kg2 {[%emt 0:00:06]} Kf4 {[%emt 0:00:06]} 80. Kg1 {[%emt 0:00:02]} Kf3 {[%emt 0:00:04]} 81. Kf1 {[%emt 0:00:04]} g2+ {[%emt 0:05:34]} 82. Kg1 {[%emt 0:00:04]} Kg3 {[%emt 0:00:04]} 1/2-1/2

[Event "12th Chennai Open 2020"]
[Site "Chennai"]
[Date "2020.01.19"]
[Round "2.10"]
[White "Fedorov, Alexei"]
[Black "Borgaonkar Akshay"]
[Result "1-0"]
[WhiteElo "2562"]
[BlackElo "1961"]
[Annotator "TA"]
[PlyCount "103"]
[EventDate "2020.01.19"]
[EventType "swiss"]
[EventCountry "IND"]
[SourceTitle "playchess.com"]
[Source "ChessBase"]
[SourceQuality "1"]

{[%evp 17,103,27,27,27,27,27,27,27,34,22,12,12,31,16,18,17,22,29,33,0,20,8,27,20,28,22,43,-16,35,2,25,25,39,0,0,0,0,0,0,0,0,0,0,0,0,0,27,0,76,78,91,76,78,76,131,121,197,204,280,290,277,286,320,299,416,427,467,397,405,406,388,389,378,370,459,437,836,832,1784,1294,1701,1535,5289,5385,29978,29973,29991,29992]} 1. c4 Nf6 2. Nc3 g6 3. e4 d6 4. d4 Bg7 5. Nge2 O-O 6. Ng3 e5 7. d5 a5 8. Be2 Na6 9. h4 h5 $1 10. Bg5 {[%cal Re2h5] E70: King's Indian: Miscellaneous lines with 4 e4, including 5 Nge2 and 5 Bd3 0-0 6 Nge2} Qe8 11. Qd2 (11. Qc2 Bd7 12. f3 Nh7 13. Be3 Qe7 14. Nf1 f5 15. O-O-O Nb4 {½-½ (65) Le,Q (2714)-Demchenko,A (2679) St Petersburg 2018}) 11... Nc5 12. f3 {White has an edge.} Bd7 13. Nb5 $146 ({Predecessor:} 13. Bh6 Nh7 14. O-O-O Qe7 15. Nf1 f5 16. exf5 gxf5 17. Ng3 Be8 {1-0 (39) Ivanisevic,I (2583)-Popov,M (2394) St Petersburg 2018}) 13... Bxb5 14. cxb5 Kh7 15. Rc1 Nfd7 16. b3 b6 17. O-O Ra7 18. Bc4 f6 19. Be3 f5 $1 20. exf5 gxf5 21. Bg5 f4 22. Qc2+ ({Better is} 22. Ne2 $14) 22... Qg6 ({Black should play} 22... Kh8 $11 23. Ne2 Bf6) 23. Nxh5 Qxc2 24. Rxc2 Bh6 25. Bxh6 Kxh6 26. g4 fxg3 $1 27. Nxg3 Rf4 28. Rh2 Ra8 29. Rh3 Raf8 30. Ne2 R4f6 31. Kf2 e4 {[%cal Re4f3]} 32. f4 Ne5 {[#]} (32... Rg6 $11 {remains equal.}) 33. Ke3 $1 $16 Ng4+ 34. Kd4 Ne5 35. Rg3 Ng6 {[#]} (35... a4 $142) 36. Ke3 $1 Ne7 (36... Nd7 $16 {might work better.} 37. h5 (37. Kxe4 Nc5+ 38. Kd4 Nxf4 $16) 37... Ne7) 37. Nd4 $18 Nf5+ 38. Nxf5+ Rxf5 39. Rg5 R5f6 40. Be2 Rg6 41. Rfg1 Rxg5 42. hxg5+ {[%mdl 4096] Endgame KRB-KRN} ({Weaker is} 42. Rxg5 Kh7 $18) 42... Kg7 43. Rh1 Rf5 44. Bc4 Rf7 45. Rh4 Kg6 46. a3 {[%cal Ba2a3,Ba3b4][%mdl 32]} Kf5 (46... Nd3 $142 47. Kxe4 Nc5+ 48. Kd4 Kg7) 47. Be2 Rg7 48. Bg4+ Kg6 49. b4 axb4 50. axb4 Nd3 51. Be6 {[%csl Gg5][%cal Rh4h6]} Nxf4 52. Kxf4 {Accuracy: White = 76%, Black = 40%.} 1-0

[Event "12th Chennai Open 2020"]
[Site "Chennai"]
[Date "2020.01.19"]
[Round "2.11"]
[White "Nambiar, Vivek"]
[Black "Visakh N R"]
[Result "0-1"]
[WhiteElo "1980"]
[BlackElo "2518"]
[Annotator "TA"]
[PlyCount "36"]
[EventDate "2020.01.19"]
[EventType "swiss"]
[EventCountry "IND"]
[SourceTitle "playchess.com"]
[Source "ChessBase"]
[SourceQuality "1"]

{[%evp 18,36,34,25,25,16,56,43,34,46,75,22,30,37,41,29,31,0,0,2,107]} 1. d4 Nf6 2. c4 e6 3. Nc3 Bb4 4. e3 O-O 5. Bd3 d5 6. Nf3 dxc4 7. Bxc4 c5 8. O-O Nbd7 9. a3 Bxc3 10. bxc3 Qc7 {E55: Nimzo-Indian: Rubinstein: Main Line: 7...dxc4 8 Bxc4 Nbd7} (10... b6 11. Re1 Bb7 12. Bd3 Be4 13. Bf1 Bb7 14. Nd2 e5 15. Bb2 Qc7 16. e4 exd4 17. cxd4 cxd4 18. Rc1 Nc5 19. Bxd4 Qe7 20. Bxc5 bxc5 {1-0 (30) Lenic,L (2659)-Ghaem Maghami,E (2582) Dubai 2014}) 11. Qe2 b6 12. Bd3 e5 {[#] Strongly threatening ...e4.White is slightly better.} 13. e4 Bb7 $146 ({Predecessor:} 13... exd4 14. cxd4 cxd4 15. Nxd4 Nc5 16. f3 Rd8 17. Bb2 Nh5 18. Qc2 Nf4 19. Bc4 {1-0 (64) Hess,D-Boness,A USA 1982}) 14. dxe5 ({Better is} 14. d5 $16) 14... Ng4 15. Bf4 Ndxe5 16. Nxe5 Nxe5 17. Bg3 Qe7 18. Bc2 Kh8 {[%mdl 32768] Sensor Board Error (Ke4/e5)?} (18... c4 $11 {keeps the balance.}) 0-1

[Event "12th Chennai Open 2020"]
[Site "Chennai"]
[Date "2020.01.19"]
[Round "2.12"]
[White "Yudin, Sergei"]
[Black "Trivedi Karan R"]
[Result "1-0"]
[WhiteElo "2508"]
[BlackElo "1959"]
[Annotator "TA"]
[PlyCount "72"]
[EventDate "2020.01.19"]
[EventType "swiss"]
[EventCountry "IND"]
[SourceTitle "playchess.com"]
[Source "ChessBase"]
[SourceQuality "1"]

{[%evp 9,72,63,91,91,91,68,77,34,45,42,55,45,71,35,80,74,89,89,89,83,86,40,121,106,130,46,41,46,115,112,131,120,134,139,141,130,122,135,117,92,95,71,147,151,152,139,156,143,178,181,179,179,170,165,219,224,208,187,251,244,299,303,278,283,774]} 1. c4 Nf6 2. Nc3 e6 3. e4 d6 4. d4 c5 (4... Nbd7 5. Nf3 c5 6. d5 Be7 7. Be2 O-O 8. O-O Ne8 9. Be3 Bf6 10. Qd2 Bxc3 11. Qxc3 Qf6 12. Qd2 h6 13. Rac1 {1-0 (67) Wagner,D (2578)-Nielsen,R (2387) Sitges 2019}) 5. dxc5 dxc5 6. Qxd8+ {A18: English Opening: Flohr-Mikenas System (1 c4 Nf6 2 Nc3 e6 3 e4)} Kxd8 7. e5 Nfd7 8. Nf3 $146 {White is better.} ({Predecessor:} 8. Bf4 Nc6 9. O-O-O b6 10. Nf3 h6 11. Bd3 Bb7 12. Be4 {1-0 (48) Muzychuk,M (2357)-Ursic,M (2046) Ljubljana 2007}) 8... Nc6 9. Bf4 h6 10. h4 $1 a6 11. h5 Nd4 {Threatening ...Nc2+.} 12. Rd1 Nxf3+ 13. gxf3 b6 14. Bd3 Bb7 15. Ke2 Ke8 (15... Nb8 $1 $14) 16. Rhg1 $16 Rd8 17. Bh2 (17. Ke3 $16) 17... Nb8 $1 $14 18. Ke3 Rd4 (18... Nc6 $1 $14) 19. f4 $16 Nc6 20. Ne2 Rd7 {[#]} 21. f5 $1 Nd4 22. fxe6 Nxe6 23. f4 Be7 24. Be4 Bxe4 25. Kxe4 Rg8 (25... Rxd1 $142 26. Rxd1 f6) 26. f5 Ng5+ 27. Ke3 Nh3 28. Rgf1 Bg5+ 29. Kf3 {Threatens to win with Kg2.} Bd2 30. Kg2 Ng5 31. Nf4 Rd4 (31... Bxf4 $142 32. Rxd7 (32. Bxf4 Rd4 $16) 32... Kxd7 33. Bxf4 Ke7) 32. Nd5 $18 b5 33. b3 Rg4+ {[#]} (33... Kd8 $142 34. e6 fxe6 35. fxe6 Re8) 34. Bg3 $1 Ba5 35. Rf4 Rxf4 36. Bxf4 g6 $2 {Accuracy: White = 68%, Black = 33%.} (36... Bd8 37. Be3 Rh8 38. cxb5 axb5 39. Bxc5 Kd7) 1-0

[Event "12th Chennai Open 2020"]
[Site "Chennai"]
[Date "2020.01.19"]
[Round "2.13"]
[White "Potluri Supreetha"]
[Black "Stupak, Kirill"]
[Result "0-1"]
[WhiteElo "1964"]
[BlackElo "2506"]
[Annotator "TA"]
[PlyCount "118"]
[EventDate "2020.01.19"]
[EventType "swiss"]
[EventCountry "IND"]
[SourceTitle "playchess.com"]
[Source "ChessBase"]
[SourceQuality "1"]

{[%evp 12,118,-4,-10,-10,-4,0,0,-5,-9,29,0,16,0,0,0,26,-56,-57,-77,-39,-36,-27,-39,-37,-33,-19,-29,0,0,0,0,0,0,0,0,0,-41,-43,-53,-53,-52,-8,-20,-13,-27,-33,-29,-16,-8,-4,-69,-58,-47,-57,-81,-50,-45,-45,-60,-60,-93,-80,-70,-73,-111,-116,-103,-102,-115,-95,-86,-87,-95,-87,-462,-458,-464,-464,-493,-456,-619,-619,-604,-604,-604,-583,-701,-669,-1471,-1468,-1251,-1378,-1477,-1557,-1588,-1560,-1564,-1303,-1589,-1589,-1389,-1172,-29975,-768,-6211,-6987,-5730,-4948]} 1. d4 g6 2. Nf3 Bg7 3. g3 c5 4. Bg2 cxd4 5. Nxd4 Nc6 6. Nxc6 bxc6 7. c4 h5 {A30: Symmetrical English: Double Fianchetto and Hedgehog} 8. h4 Nh6 9. O-O Rb8 {The position is equal.} 10. Nc3 Qa5 $146 ({Predecessor:} 10... Nf5 11. e4 Nd6 12. Qd3 Qa5 13. e5 Nf5 14. Re1 O-O 15. Rb1 {0-1 (47) Yashmetov,M (2350)-Chigaev,M (2643) St Petersburg 2019}) 11. Qc2 Nf5 12. Bf4 Nd4 13. Qd2 e5 14. Be3 (14. Bg5 $1 $11) 14... Ba6 15. b4 Rxb4 (15... Qa3 $5 {[%cal Ra3c3]} 16. b5 Qxc3 {[%mdl 64] Remove Defender, Decoy} 17. Qxc3 Nxe2+ {[%mdl 64] Double Attack} 18. Kh2 Nxc3 19. bxa6 e4 $17) 16. Ne4 O-O 17. a3 Ra4 {[#] ...Qxd2 is the strong threat.} 18. Qxa5 Rxa5 19. Bd2 d5 20. Bxa5 {Black must now prevent cxd5.} dxe4 21. Bb4 Nxe2+ 22. Kh2 Rc8 23. Bc5 f5 24. Rfe1 Nd4 {aiming for ...Nc2.} 25. Rab1 Bxc4 26. Rb7 a6 27. Reb1 Bb5 28. Ra7 Ne6 29. Bd6 Rd8 30. Be7 Rd4 31. Rc1 (31. Bf1 $11) 31... Rd2 $15 32. a4 Bxa4 33. Rxa6 Bb5 34. Ra8+ $1 Kf7 35. Ra7 Ke8 $1 36. Bb4 Rd7 37. Rxd7 Kxd7 38. Rd1+ Nd4 39. Ra1 Bf6 40. Ra8 Bc4 41. Kg1 Ne2+ 42. Kf1 e3 43. Ke1 $2 {[%mdl 8192]} (43. fxe3 $17 {is more resistant.} Nxg3+ 44. Kg1) 43... Nc1 $19 44. Ra7+ Ke6 {And now ...Nd3+ would win.} 45. Bf1 Bxf1 46. Kxf1 {[%mdl 4096] Endgame KRB-KBN} e2+ 47. Ke1 Nd3+ {[%mdl 64] [#] Double Attack} 48. Kxe2 Nxb4 49. f3 Nd5 50. Kd3 f4 51. gxf4 exf4 52. Kc4 Bxh4 53. Ra6 Kd6 54. Ra7 Bf6 55. Kd3 Be5 56. Ke4 h4 57. Ra8 Nf6+ (57... h3 $142 58. Rd8+ Kc7 59. Rxd5 cxd5+ 60. Kxe5 h2 61. Kxd5 h1=Q 62. Ke4 g5 63. Ke5 Qxf3 64. Kf6 Qd5 65. Kg6 f3 66. Kh5 f2 67. Kg4 f1=Q 68. Kh5 Qdf7+ 69. Kxg5 Q1f4#) 58. Kd3 h3 59. Ra2 g5 {Accuracy: White = 50%, Black = 71%.} 0-1

[Event "12th Chennai Open 2020"]
[Site "Chennai"]
[Date "2020.01.19"]
[Round "2.14"]
[White "Mushini Ajay"]
[Black "Rios, Cristhian Camilo"]
[Result "1/2-1/2"]
[WhiteElo "1952"]
[BlackElo "2498"]
[Annotator "TA"]
[PlyCount "71"]
[EventDate "2020.01.19"]
[EventType "swiss"]
[EventCountry "IND"]
[SourceTitle "playchess.com"]
[Source "ChessBase"]
[SourceQuality "1"]

{[%evp 22,71,58,34,36,31,35,37,35,16,24,27,23,0,57,49,64,1,99,86,118,12,69,18,46,43,43,40,58,81,158,141,124,140,170,169,230,136,169,177,230,122,142,131,286,278,296,290,285,288,412,184]} 1. e4 c5 2. Nf3 e6 3. d4 cxd4 4. Nxd4 a6 5. Bd3 Nf6 6. O-O Qc7 7. Qe2 d6 8. c4 g6 9. Nc3 Bg7 10. Nf3 O-O 11. Bf4 Nbd7 12. Rfd1 Nh5 {B42: Sicilian: Kan Variation: 5 Bd3} 13. Bd2 b6 14. Rac1 Bb7 {White is slightly better.} 15. Be3 Rae8 $146 ({Predecessor:} 15... Rac8 16. b3 Rfe8 17. Qd2 b5 18. Bd4 b4 19. Bxg7 Kxg7 {½-½ (48) Alekseev,E (2639)-Drygalov,A (2481) St Petersburg 2018}) 16. Bb1 f5 17. exf5 gxf5 (17... Bxc3 $11 18. Rxc3 exf5) 18. Ne1 $14 Nhf6 19. Qd2 (19. f3 $14) 19... Qxc4 (19... Ne5 $11) 20. Qxd6 $16 Qh4 21. Qf4 (21. Qc7 $16 Bc8 22. Nf3) 21... Qh5 ({Better is} 21... Qxf4 $11 22. Bxf4 Rf7) 22. h3 (22. Qc7 $14 Bc8 23. Nf3) 22... Nd5 23. Nxd5 Bxd5 24. Nd3 e5 25. Qg5 Qf7 {[#]} (25... Qxg5 $142 26. Bxg5 h6) 26. Nb4 $1 {[%mdl 64] Double Attack} Be6 27. Nxa6 f4 28. Bd2 Bc4 {[#]} (28... Nc5 $142) 29. Nb4 ({White should play} 29. Bb4 $1 $18 {Threatens to win with Rxc4.} Bxa6 30. Rc7) 29... Be2 30. Re1 Bh5 (30... Qh5 {might work better.} 31. Qxh5 Bxh5) 31. f3 $40 {[%mdl 128] White attacks with force.} (31. Rc6 $18) 31... h6 32. Qh4 Kh8 $2 (32... Nc5 $16 {keeps fighting.} 33. a3 Kh8) 33. Rc7 $18 Rg8 {intending ...Bxf3.} 34. Be4 Bf6 35. Qf2 Rg3 (35... Rg7 $142 36. Bc3 Qe6) 36. Bc6 {Accuracy: White = 39%, Black = 32%.} (36. Bc3 $142 Reg8 37. Rd1) 1/2-1/2

[Event "12th Chennai Open 2020"]
[Site "Chennai"]
[Date "2020.01.19"]
[Round "2.15"]
[White "Vasquez Schroeder, Rodrigo"]
[Black "Jayachandra Srinivas Vellanki"]
[Result "1/2-1/2"]
[WhiteElo "2487"]
[BlackElo "1944"]
[Annotator "TA"]
[PlyCount "71"]
[EventDate "2020.01.19"]
[EventType "swiss"]
[EventCountry "IND"]
[SourceTitle "playchess.com"]
[Source "ChessBase"]
[SourceQuality "1"]

{[%evp 24,71,36,20,40,38,36,25,33,24,19,14,22,12,14,31,18,12,17,-31,-18,-58,-23,-47,-36,-40,-21,-123,-122,-121,-122,-121,-123,-122,-95,-107,-82,-88,-66,-62,-59,-66,-62,-72,-28,-70,-70,-75,-84,-94]} 1. d4 Nf6 2. c4 g6 3. Nc3 Bg7 4. e4 d6 5. Nf3 O-O 6. Be2 e5 7. d5 a5 8. Bg5 h6 9. Bh4 Na6 10. Nd2 Qe8 11. O-O Nh7 12. a3 Bd7 13. Nb5 f5 {E92: King's Indian: Classical: 6 Be2 e5: 7 dxe5, 7 Be3 and Petrosian System without 7...Nbd7} (13... h5 14. f3 Bh6 15. Rb1 a4 16. b4 axb3 17. Nxb3 Be3+ 18. Bf2 Bxf2+ 19. Rxf2 f5 20. exf5 gxf5 21. f4 Nf6 22. fxe5 Qxe5 23. Qd4 {½-½ (23) Ikonnikov,V (2548)-Popovic,D (2568) Gent 2013}) 14. exf5 {[%mdl 64] [#] Overworked Piece} gxf5 15. Bh5 Qb8 {White has an edge.} 16. Be7 $146 ({Predecessor:} 16. f4 Nf6 17. Be2 Qe8 18. Nf3 Ng4 19. Qd2 exf4 20. Kh1 Ne3 21. Rfe1 Bxb5 22. cxb5 {0-1 (61) Kadimova,I (2265)-De Vries,S (2180) Manila 1992}) 16... Re8 17. Bxe8 Qxe8 18. Bh4 Bxb5 19. cxb5 Qxb5 20. Qc2 Qxd5 21. Rfd1 Qf7 22. Nc4 Nc5 23. Nxa5 {[%mdl 64] [#] Decoy} Rxa5 (23... e4 {feels hotter.} 24. b4 Bxa1 25. bxc5 d5 26. Nxb7 Bf6) 24. b4 Ra4 25. bxc5 (25. Rab1 $11 {remains equal.}) 25... Rxh4 $17 26. cxd6 cxd6 27. Rxd6 Rc4 28. Qe2 Nf8 29. Rad1 Rc7 30. Qb5 Qa2 31. Rb6 Qxa3 32. Rxb7 Rxb7 33. Qxb7 Qc5 34. Qb3+ Kh7 35. g3 Qc6 36. Qf7 {Accuracy: White = 58%, Black = 63%.} 1/2-1/2

[Event "12th Chennai Open 2020"]
[Site "Chennai"]
[Date "2020.01.19"]
[Round "2.16"]
[White "Likhit Chilukuri"]
[Black "Karthik Venkataraman"]
[Result "0-1"]
[WhiteElo "1941"]
[BlackElo "2479"]
[Annotator "TA"]
[PlyCount "48"]
[EventDate "2020.01.19"]
[EventType "swiss"]
[EventCountry "IND"]
[SourceTitle "playchess.com"]
[Source "ChessBase"]
[SourceQuality "1"]

{[%evp 9,48,0,8,0,0,0,8,-18,-8,-14,-18,-35,-26,-58,-55,-54,-58,-58,-75,-72,-63,-142,-94,-91,-81,-95,-102,-659,-629,-898,-891,-1017,-1022,-1014,-1007,-987,-971,-1001,-995,-1175,-1041]} 1. e4 g6 2. Nc3 Bg7 3. f4 c5 4. Nf3 d6 5. Bb5+ Bd7 6. Bc4 {B23: Closed Sicilian: Lines without g3} Nc6 7. O-O (7. d3 Na5 8. Bd2 e6 9. e5 d5 10. Bb5 Nc6 11. Bxc6 Bxc6 12. O-O Ne7 13. Be1 Qb6 {½-½ (39) Jobava,B (2617)-Giri,A (2780) Batumi 2019}) 7... e6 8. d3 {The position is equal.} (8. f5 $5) 8... Nge7 9. f5 O-O 10. fxe6 fxe6 11. Qe1 $146 ({Predecessor:} 11. Kh1 Qb6 12. Bb3 Ne5 13. Nxe5 Bxe5 {½-½ (36) Har Even,A (2408)-Carapinha,F (2349) ICCF email 2015}) 11... Nd4 $1 12. Nxd4 Rxf1+ 13. Kxf1 Bxd4 14. Be3 Nc6 15. a3 (15. Bb3 $15) 15... Qf6+ 16. Kg1 Rf8 17. Nd1 {[#]} Ne5 $1 {[%cal Re5g4] Strongly threatening ...Ng4.} 18. Ba2 $2 {[%mdl 8192] [#]} (18. Bxd4 $17 cxd4 19. Nf2) 18... Ng4 $1 $19 {Black is clearly winning.} 19. Bxd4 Qxd4+ 20. Kh1 {[#]} Qe5 $1 {[%csl Gg4][%cal Re5h2][%mdl 512]} 21. g3 {[#]} Qh5 $1 {[%csl Gg4][%cal Rh5h2][%mdl 512]} 22. h4 g5 23. Kg2 gxh4 24. gxh4 Kh8 {Accuracy: White = 36%, Black = 100%.} 0-1

[Event "12th Chennai Open 2020"]
[Site "Chennai"]
[Date "2020.01.19"]
[Round "2.17"]
[White "Vishnu Prasanna. V"]
[Black "Sreekar J S S"]
[Result "1-0"]
[WhiteElo "2474"]
[BlackElo "1937"]
[Annotator "TA"]
[PlyCount "95"]
[EventDate "2020.01.19"]
[EventType "swiss"]
[EventCountry "IND"]
[SourceTitle "playchess.com"]
[Source "ChessBase"]
[SourceQuality "1"]

{[%evp 13,95,0,9,12,0,0,10,0,0,3,0,-6,-10,-13,0,-7,0,-2,17,13,24,-5,18,18,18,18,18,16,24,14,14,15,22,20,19,18,22,18,173,155,210,208,423,410,410,416,416,391,521,517,614,613,572,319,314,307,353,338,379,379,473,453,563,550,784,759,985,854,984,944,1297,1290,1290,1257,29982,29983,29990,29991,29992,29992,29997,12843,29998,29999]} 1. d4 Nf6 2. Nf3 e6 3. Bf4 b6 4. e3 Bb7 5. c4 Be7 6. h3 O-O 7. Nc3 d5 8. Rc1 {E12: Queen's Indian: Unusual White 4th moves, 4 a3, 4 Nc3 Bb7 5 a3 and 4 Nc3 Bb7} (8. Be2 c5 9. dxc5 Bxc5 10. O-O Qe7 11. a3 Rd8 12. cxd5 Nxd5 13. Nxd5 Bxd5 14. Qc2 a5 15. Ng5 g6 {½-½ (70) Georgiev,K (2623)-Kravtsiv,M (2672) Riadh 2017}) 8... c5 9. dxc5 Bxc5 10. a3 {The position is equal.} dxc4 11. Bxc4 Qxd1+ 12. Kxd1 $146 ({Predecessor:} 12. Rxd1 Ne4 13. Nb5 a6 14. Nc7 Ra7 15. b4 Be7 {1-0 (39) Rajic,I (2051)-Link,U (1978) Bayern 2015}) 12... Nbd7 13. Ke2 a6 14. Rhd1 b5 15. Ba2 Rac8 16. g4 {Hoping for g5.} Nb6 17. Ne5 (17. g5 $5 {[%cal Rg5f6]} Ne4 18. Nxe4 Bxe4 19. Bb3 $11) 17... b4 18. axb4 Bxb4 19. f3 Nfd5 20. Nxd5 Nxd5 21. Bg3 a5 22. Bc4 a4 23. Nd3 $36 {[%mdl 2048] White has the initiative.} Be7 24. e4 Nb4 25. Ne5 {aiming for Rd7.} Ba6 $2 (25... Rxc4 $11 26. Rxc4 (26. Nxc4 Na2 $11) 26... Ba6) 26. Bxa6 $18 Nxa6 {[#]} (26... Rxc1 $16 27. Rxc1 Nxa6) 27. Nc6 $1 {[%cal Rc6e7]} Bc5 $2 {[#]} (27... Bf6 {is a better defense.} 28. Bd6 Rfe8) 28. Rxc5 $1 {[%mdl 576] Remove Defender} Nxc5 29. Ne7+ {[%mdl 64] Double Attack} Kh8 {White must now prevent ...Rcd8.} 30. Nxc8 Rxc8 {[%mdl 4096] Endgame KRB-KRN} 31. Rc1 Rc6 32. Bf2 Rb6 33. Bxc5 Rxb2+ {KRB-KR} 34. Ke3 h5 35. gxh5 a3 36. h6 Rb3+ 37. Kf4 gxh6 38. Bd4+ Kh7 39. Rg1 Rd3 40. Rg7+ Kh8 41. Bf6 a2 42. Rxf7+ Kg8 43. Ra7 Rd2 44. Ke5 Rf2 45. Kxe6 Rxf3 46. Rxa2 Rxh3 47. Ra8+ Kh7 48. Kf7 {Accuracy: White = 86%, Black = 41%.} 1-0